000 00620nam a2200205Ia 4500
001 10324
003 GE_BSU
008 181216s||||||||xx |||||||||||||| ||und||
040 _cGE_BSU
080 _a821.353.1–31
100 _aფანჯიკიძე,გურამ
245 _aსამი რომანი
245 _cრედ.რ.სირაძე.მხატვ.დ.დუნდუა
260 _aთბილისი
260 _bსაქართველო
260 _c1990
300 _a750გვ.პორტრ.18სმ.
653 _aსამი რომანი
942 _cBK
999 _c43590
_d43590